Blueprint for your library marketing plan : a guide to help you survive and thrive

Bibliographic Details
Main Author: Fisher, Patricia H
Format: Book
Published: Chicago : American Library Association , 2006
Subjects:

MARC

LEADER 00000cam a2200000 7i4500
001 0000038597
005 20131118.0
008 131118
020 |a 0838909094 
090 0 0 |a 021.7   |b FIS 
100 1 |a Fisher, Patricia H 
245 1 0 |a Blueprint for your library marketing plan :   |b a guide to help you survive and thrive   |c Patricia H. Fisher & Marseille M. Pride 
260 |a Chicago :   |b American Library Association ,   |c 2006 
650 0 |a Libraries   |x Public relation   |z United States 
650 0 |a Libraries   |z United States   |x Marketing 
650 0 |a Library planning   |z United States 
650 0 |a Strategic planning   |z United States 
999 |a 0001249400   |b Book   |c Adult Collection   |e Perbadanan Perpustakaan Awam Johor